Pôda je základom existencie ľudstva

Význam pôdy ako základného výrobného prostriedku pre ľudskú spoločnosť. Výmera poľnohospodárskej pôdy na Slovensku. Analýza vzťahov medzi vývojom parametrov úrodnostného stavu pôdy a spôsob ich využitia a ochrany. Prijatie dôležitých medzinárodných dokumentov, ktoré zdôrazňujú význam a funkcie pôdy...

Full description

Saved in:
Bibliographic Details
Main Author: Hanes, J.
Format: Book Chapter
Language:Slovak
Subjects:
Tags: Add Tag
No Tags, Be the first to tag this record!

MARC

LEADER 00000naa a2200000 4500
001 r025947
005 20230825080151.6
041 0 |a slo 
044 |a SK 
245 1 0 |a Pôda je základom existencie ľudstva  |c J. Hanes 
520 |a Význam pôdy ako základného výrobného prostriedku pre ľudskú spoločnosť. Výmera poľnohospodárskej pôdy na Slovensku. Analýza vzťahov medzi vývojom parametrov úrodnostného stavu pôdy a spôsob ich využitia a ochrany. Prijatie dôležitých medzinárodných dokumentov, ktoré zdôrazňujú význam a funkcie pôdy a vyzývajú štáty a ich vlády na jej ochranu a zveladenie (Svetová a Európska charta o pôde). Akčný program expertov FAO. 
610 2 0 |a pôda 
610 2 0 |a pôda poľnohospodárska 
610 2 0 |a charta 
610 2 0 |a fond pôdny 
610 2 0 |a využitie pôdy 
610 2 0 |a Slovensko 
610 2 0 |a Európska charta o pôde 
100 1 |a Hanes, J.